Explorando mudanças de estado físico (Registo nº 1153)

Detalhes MARC
000 -Etiqueta do registo
Cabeçalho 01183nam a2200289 i 4500
005 - Identificador da versão
Campo de controlo 20240813121827.0
010 ## - Número internacional normalizado dos livros (ISBN)
Número (ISBN) 9789727422654
100 ## - Dados gerais de processamento
Dados gerais de processamento 20080528d2008 k y0pory5003 ba
102 ## - Pais de publicação ou produção
País de publicação Portugal
101 0# - Língua de publicação
Língua do texto, banda sonora, etc. Português
215 ## - Descrição física 
Indicação específica da natureza do documento e extensão da espécie 74 p
Outras indicações físicas il
Material acompanhante 1 caderno de registos para crianças (38 p.)
-- 1 desdobrável
200 1# - Titulo e menção de responsabilidade
Título próprio Explorando mudanças de estado físico
Informação de outro título guião didáctico para professores
Primeira menção de responsabilidade Isabel P. Martins... [et al.]
225 2# - Colecção 
Título próprio da colecção Ensino experimental das ciências no 1º ciclo
Indicação de volume 6
210 ## - Publicação, Distribuição, etc. 
Lugar da edição, distribuição, etc. Lisboa
Nome do editor, distribuidor, etc. Direcção-Geral de Inovação e de Desenvolvimento Curricular
Data da publicação, distribuição, etc. 2008
320 ## - Nota relativa a bibliografia e índices internos 
Texto da nota Bibliografia: p. 73-74
500 10 - Título Uniforme
Título uniforme Mudanças de estado físico
675 ## - Classificação Decimal Universal (CDU)
Notação 373.32:52/59
Edição BN
Língua da edição por
Notação 52/59:373.32
Edição BN
Língua da edição por
701 #1 - Nome de autor-pessoa física (co-responsabilidade principal)
Palavra de ordem Martins
Outra parte do nome não tomada para palavra de ordem Isabel Pinheiro
Código de função Autor / Co-autor
856 ## - Localização e acesso electrónico 
URL <a href="http://www.esec.pt/cdi/ebooks/docs/mudançasPDF[1].pdf">http://www.esec.pt/cdi/ebooks/docs/mudançasPDF[1].pdf</a>
Nota para informação ao público Texto integral
URL <a href="http://www.esec.pt/cdi/ebooks/docs/regalunos6PDF[1].pdf">http://www.esec.pt/cdi/ebooks/docs/regalunos6PDF[1].pdf</a>
Nota para informação ao público Texto integral - Caderno de registos
URL <a href="http://www.esec.pt/cdi/ebooks/docs/posterPDF[1].pdf">http://www.esec.pt/cdi/ebooks/docs/posterPDF[1].pdf</a>
Nota para informação ao público Texto integral -desdobrável
942 ## - Elementos de entrada adicionados (Koha)
Tipo de item no Koha Livro
Exemplares
Situação do levantamento Origin of item (home branch) (coded) Biblioteca de empréstimo Código de barras Cota Circulation type (not for loan) Tipo de documento Nota do exemplar Damaged status
  Biblioteca Escolar Eng. Nuno Mergulhão Biblioteca Escolar Eng. Nuno Mergulhão BENM2099 37 EDU   Livro Sem mensagem